Score 0/20 Timer 04:00
2 Plays Today
Question Answer Wrong Answers
Titanic Leonardo DiCaprio
93.9%
Johnny Depp
0.4%
Vin Diesel
0.2%
Robert Downey Jr.
0.2%
Pirates of the Caribbean: The Curse of the Black Pearl Johnny Depp
93.2%
Leonardo DiCaprio
0.5%
Vin Diesel
0.1%
Robert Downey Jr.
0.8%
Edward Scissorhands Johnny Depp
92.7%
Leonardo DiCaprio
0.5%
Vin Diesel
0.4%
Robert Downey Jr.
0.8%
The Wolf of Wall Street Leonardo DiCaprio
92.5%
Johnny Depp
0.6%
Vin Diesel
0.5%
Robert Downey Jr.
0.9%
Charlie and the Chocolate Factory Johnny Depp
92%
Leonardo DiCaprio
0.6%
Vin Diesel
0.3%
Robert Downey Jr.
1.5%
The Fast and the Furious Vin Diesel
91.3%
Leonardo DiCaprio
1.2%
Johnny Depp
0.7%
Robert Downey Jr.
1.4%
Alice in Wonderland Johnny Depp
90.8%
Leonardo DiCaprio
0.6%
Vin Diesel
0.8%
Robert Downey Jr.
2.3%
Iron Man Robert Downey Jr.
90.6%
Leonardo DiCaprio
0.7%
Johnny Depp
1.2%
Vin Diesel
2%
The Revenant Leonardo DiCaprio
89.2%
Johnny Depp
1.7%
Vin Diesel
1.8%
Robert Downey Jr.
1.8%
Romeo + Juliet Leonardo DiCaprio
89.1%
Johnny Depp
3.4%
Vin Diesel
0.5%
Robert Downey Jr.
1.6%
xXx Vin Diesel
88.9%
Leonardo DiCaprio
1.4%
Johnny Depp
1.6%
Robert Downey Jr.
2.8%
Sherlock Holmes Robert Downey Jr.
88.9%
Leonardo DiCaprio
0.9%
Johnny Depp
4%
Vin Diesel
0.6%
Inception Leonardo DiCaprio
88.2%
Johnny Depp
1.7%
Vin Diesel
2.1%
Robert Downey Jr.
2.5%
Riddick Vin Diesel
81.6%
Leonardo DiCaprio
3.5%
Johnny Depp
3.7%
Robert Downey Jr.
5.5%
Tropic Thunder Robert Downey Jr.
78.1%
Leonardo DiCaprio
3.7%
Johnny Depp
3%
Vin Diesel
9.5%
Chaplin Robert Downey Jr.
78.1%
Leonardo DiCaprio
2%
Johnny Depp
13%
Vin Diesel
1.5%
Donnie Brasco Johnny Depp
74.5%
Leonardo DiCaprio
8.2%
Vin Diesel
5.7%
Robert Downey Jr.
5.9%
Guardians of the Galaxy Vin Diesel
60.3%
Leonardo DiCaprio
1.2%
Johnny Depp
1.6%
Robert Downey Jr.
31.4%
The Last Witch Hunter Vin Diesel
60.1%
Leonardo DiCaprio
5.3%
Johnny Depp
19.2%
Robert Downey Jr.
9.8%
Kiss Kiss Bang Bang Robert Downey Jr.
55.1%
Leonardo DiCaprio
8.8%
Johnny Depp
15.5%
Vin Diesel
14.9%

Today's Daily Dose

Remove Ads.
Support Sporcle.
Get the best of Sporcle when you Go Orange. This ad-free experience offers more features, more stats, and more fun while also helping to support Sporcle. Thank you for becoming a member.

You're not logged in!

Compare scores with friends on all Sporcle quizzes.
OR
Log In

Show Comments

Extras

Top Quizzes Today


Score Distribution

Your Account Isn't Verified!

In order to create a playlist on Sporcle, you need to verify the email address you used during registration. Go to your Sporcle Settings to finish the process.

Report this User

Report this user for behavior that violates our Community Guidelines.

Details: